Descriptive account written by P. Schaghen, (Record no. 40859)
[ view plain ]
| 000 -LEADER | |
|---|---|
| fixed length control field | 01052cpmaa2200277 a 4500 |
| 001 - CONTROL NUMBER | |
| control field | mm 79001687 |
| 003 - CONTROL NUMBER IDENTIFIER | |
| control field | DLC |
| 005 - DATE AND TIME OF LATEST TRANSACTION | |
| control field | 20260227111637.0 |
| 008 - FIXED-LENGTH DATA ELEMENTS--GENERAL INFORMATION | |
| fixed length control field | 791105|||||||||||| dut |
| 010 ## - LIBRARY OF CONGRESS CONTROL NUMBER | |
| LC control number | mm 79001687 |
| 040 ## - CATALOGING SOURCE | |
| Original cataloging agency | DLC |
| Transcribing agency | DLC |
| Description conventions | dacs |
| Modifying agency | DLC |
| 041 ## - LANGUAGE CODE | |
| Language code of text/sound track or separate title | dut |
| 072 #7 - SUBJECT CATEGORY CODE | |
| Subject category code | C |
| Source | lcmd |
| 100 1# - MAIN ENTRY--PERSONAL NAME | |
| Personal name | Schaghen, P. |
| 245 00 - TITLE STATEMENT | |
| Title | Descriptive account written by P. Schaghen, |
| Inclusive dates | 1626 November 7. |
| 300 ## - PHYSICAL DESCRIPTION | |
| Extent | 1 |
| Type of unit | item. |
| 506 0# - RESTRICTIONS ON ACCESS NOTE | |
| Terms governing access | Open to research. |
| 520 8# - SUMMARY, ETC. | |
| Summary, etc. | Account of the arrival of ships and weapons to New Amsterdam (New York, N.Y.). |
| 533 ## - REPRODUCTION NOTE | |
| Type of reproduction | Positive photocopy of facsimile. |
| Place of reproduction | [S.l.]. |
| 546 ## - LANGUAGE NOTE | |
| Language note | Collection material in Dutch. |
| 580 ## - LINKING ENTRY COMPLEXITY NOTE | |
| Linking entry complexity note | Forms part of: Miscellaneous Manuscripts collection. |
| 651 #0 - SUBJECT ADDED ENTRY--GEOGRAPHIC NAME | |
| Geographic name | Netherlands |
| General subdivision | Colonies |
| Geographic subdivision | America. |
| 651 #0 - SUBJECT ADDED ENTRY--GEOGRAPHIC NAME | |
| Geographic name | New York (N.Y.) |
| General subdivision | History |
| Chronological subdivision | Colonial period, ca. 1600-1775. |
No items available.